000 00585nam a2200181 i 4500
001 149219
003 ES-MaACL
005 20250823063111.0
007 t|
008 071019s1967 sp ||||1| spa d
100 1 _aVélez de Guevara, Luis,
_d1579-1644
_9113833
245 1 3 _aLa serrana de La Vera /
_cLuis Vélez de Guevara ; estudios y edición de Enrique Rodríguez Cepeda.
260 _aMadrid :
_bAlcalá,
_c[1967]
300 _a165 p. ;
_c18 cm.
700 1 _aRodríguez Cepeda, Enrique.
_998419
852 _aES-MaACL
_jC-31735
_bR.62011
999 _c149219
_d149219